Online marketing: Smarketing - prepojenie predaja s marketingom

Proces spájania a sústreďovania predajného a marketingového tímu v rámci podniku so zameraním na zvyšovanie výnosov. Niekoľko rád, ako je možné spojiť dva, niekedy antagonistické tímy. Smarketing best practices (Smarketing - najlepšie skúsenosti). Päť krokov k integrácii Smarketingu v spoločnosti.

Na minha lista:
Detalhes bibliográficos
Autor principal: Drahošová, Martina
Outros Autores: Balco, Peter
Formato: Capítulo de Livro
Idioma:eslovaco
Assuntos:
Tags: Adicionar Tag
Sem tags, seja o primeiro a adicionar uma tag!

MARC

LEADER 00000naa a2200000 4500
001 0226831
005 20230912114829.3
041 0 |a slo 
044 |a SK 
245 1 0 |a Online marketing: Smarketing - prepojenie predaja s marketingom  |c Martina Drahošová, Peter Balco 
520 |a Proces spájania a sústreďovania predajného a marketingového tímu v rámci podniku so zameraním na zvyšovanie výnosov. Niekoľko rád, ako je možné spojiť dva, niekedy antagonistické tímy. Smarketing best practices (Smarketing - najlepšie skúsenosti). Päť krokov k integrácii Smarketingu v spoločnosti. 
610 2 0 |a marketing 
610 2 0 |a marketing elektronický 
610 2 0 |a predaj 
610 2 0 |a komunikácia 
610 2 0 |a zákazníci 
610 2 0 |a tímy pracovné 
100 1 |a Drahošová, Martina 
700 1 |a Balco, Peter